| 000 | 00753pam a2200241 a 4500 | ||
|---|---|---|---|
| 001 | 1577089 | ||
| 005 | 20180207045317.0 | ||
| 008 | 930304s1994 maua bf 001 0 eng c | ||
| 010 | _a 93000874 | ||
| 020 | _a0316516570 | ||
| 040 |
_aDNLM/DLC _cDLC _dDLC |
||
| 041 | _aeng | ||
| 060 | _aWK 39 M294 1993 | ||
| 080 | _a616.4 LAV | ||
| 082 | 0 | 0 |
_a616.4 LAV _220 |
| 100 | _a3 | ||
| 101 | _aSHM | ||
| 245 | 0 | 0 |
_aManual of endocrinology and metabolism / _c[edited by] Norman Lavin. |
| 504 | _aIncludes bibliographical references and index. | ||
| 906 |
_a7 _bcbc _corignew _d1 _eocip _f19 _gy-gencatlg |
||
| 942 |
_2ddc _cBK |
||
| 999 |
_c41992 _d41992 |
||